000 00426pab a2200169 454500
008 180718b2000 xxu||||| |||| 00| 0 eng d
100 _aReddy, K. Raji
245 _aAccounting standards and gaps in practices in India
260 _c2000
300 _ap.290-93
362 _aApr
650 _aAccounting - India
650 _aAccounting
700 _aRaju, V. Prudvi
773 _aManagement Accountant
909 _a44691
999 _c44691
_d44691